00462nam a22001577a 450000500170000001000150001702000300003203500140006203700130007608200060008910000160009524500410011126000500015227000810020230000210028320210215170020.0 aENG-128978 c395.00a978-93-86473-97-4 aEN-112510 bDBAD/PUB aN aKaul, Ashok aUndercover in Bandipore/cAshok Kaul aNew DelhibVitasta Publishing Pvt. Ltd.c2020 bNew Delhia2/15, Ansari Roaad, Daryaganje110002minfo@vitastapublishing.com a351p.c20cm(pbk)